Trueman's elementary biology: A complete text book, V. 2: For 12th class of 10+2 and various competitive examinations (Record no. 1398858)

MARC details
000 -LEADER
fixed length control field 00685nam a2200205Ia 4500
005 - DATE AND TIME OF LATEST TRANSACTION
control field 20250508170035.0
008 - FIXED-LENGTH DATA ELEMENTS--GENERAL INFORMATION
fixed length control field 008 250505s9999 xx 000 0 eng d
020 ## - INTERNATIONAL STANDARD BOOK NUMBER
International Standard Book Number 0-340-43042-7
037 ## - SOURCE OF ACQUISITION
Stock number Textual
040 ## - CATALOGING SOURCE
Original cataloging agency FEDL
Language of cataloging eng
Transcribing agency FEDL
041 ## - LANGUAGE CODE
Language code of text/sound track or separate title eng
Source of code eng
084 ## - COLON CLASSIFICATION NUMBER
Classification number 574, BHA
Assigning agency FEDL
100 ## - MAIN ENTRY--PERSONAL NAME
Personal name Bhatia K N
9 (RLIN) 636885
245 #0 - TITLE STATEMENT
Title Trueman's elementary biology: A complete text book, V. 2: For 12th class of 10+2 and various competitive examinations
260 ## - PUBLICATION, DISTRIBUTION, ETC.
Place of publication, distribution, etc. New Delhi, India
Name of publisher, distributor, etc. Trueman Book Company
Date of publication, distribution, etc. 2009
546 ## - LANGUAGE NOTE
Language note Photocopy and gifted by Prof. Anita Rampal
700 ## - ADDED ENTRY--PERSONAL NAME
Personal name Tyagi M P
9 (RLIN) 782806
942 ## - ADDED ENTRY ELEMENTS (KOHA)
Koha item type Textual
Classification part 574, BHA
Holdings
Withdrawn status Lost status Damaged status Not for loan Home library Current library Date acquired Total Checkouts Full call number Barcode Date last seen Price effective from Koha item type
        Department of Education Library Department of Education Library 2025-05-08   574, BHA EL0092520 2025-05-08 2025-05-08 Textual
Copyright @ Delhi University Library System